| 000 | 00000nam 2200000za 4500 |
| 001 | 9.604288 |
| 003 | CaOODSP |
| 005 | 20240624082205 |
| 007 | cr ||||||||||| |
| 008 | 150406s2002 onc|||||o f|0| 0 fre d |
| 040 | |aCaOODSP|bfre |
| 043 | |an-cn--- |
| 086 | 1 |aCP32-78/3-2002F-PDF |
| 245 | 04|aLes ressources humaines dans le secteur de la santé au Canada |h[ressource électronique]. |
| 260 | |aOttawa : |bCommission sur l'avenir des soins de santé au Canada, |c2002. |
| 300 | |a16 p. |
| 490 | 1 |aDocument d'information/de sondage |
| 500 | |a« Juillet 2002. » |
| 590 | |a12-32-Supp|b2012-07-11 |
| 691 | 07|aRessources humaines|2gcpds |
| 691 | 07|aRégime de soins de santé|2gcpds |
| 710 | 1 |aCanada. |bBureau du Conseil privé. |
| 710 | 2 |aCommission sur l'avenir des soins de santé au Canada. |
| 710 | 2 |aFondation canadienne de la recherche sur les services de santé. |
| 775 | 08|tHealth human resources in Canada's healthcare system |w(CaOODSP)9.574544 |
| 776 | 0#|tLes ressources humaines dans le secteur de la santé au Canada / |w(CaOODSP)9.626004 |
| 830 | #0|aDocument d'information/de sondage.|w(CaOODSP)9.503435 |
| 856 | 40|ahttp://publications.gc.ca|qPDF|s245 Ko|uhttps://publications.gc.ca/collections/Collection/CP32-78-3-2002F.pdf |